Octava semana de la investigación científica : (Record no. 210373)
[ view plain ]
| 000 -CABECERA | |
|---|---|
| campo de control de longitud fija | 00716nam a2200217 a 4500 |
| 005 - FECHA Y HORA DE LA ÚLTIMA TRANSACCIÓN | |
| campo de control | 20231019160313.0 |
| 008 - DATOS DE LONGITUD FIJA--INFORMACIÓN GENERAL | |
| campo de control de longitud fija | 230925s1998 mx |||||rb||| 000 0 spa d |
| 020 ## - NÚMERO INTERNACIONAL NORMALIZADO PARA LIBROS | |
| Número Internacional Normalizado del libro | 9706543252 |
| 040 ## - FUENTE DE CATALOGACIÓN | |
| Agencia de catalogación original | MX-MxUPN |
| Idioma de catalogación | spa |
| Agencia que realiza la transcripción | MX-MxUPN |
| 041 0# - | |
| -- | spa |
| 050 14 - | |
| -- | Q180 A1 |
| -- | O28 1998 |
| 245 ## - MENCIÓN DE TÍTULO | |
| Título | Octava semana de la investigación científica : |
| Parte restante del título | 14-18 de julio de 1997 |
| 260 ## - PUBLICACION, DISTRIBUCION, ETC. (PIE DE IMPRENTA) | |
| Lugar de publicación, distribución, etc. | México, D.F. : |
| Nombre del editor, distribuidor, etc. | Universidad Autónoma Metropolitana, Unidad Xochimilco, |
| Fecha de publicación, distribución, etc. | 1998 |
| 300 ## - DESCRIPCIÓN FÍSICA | |
| Extensión | 266 páginas |
| 490 0# - | |
| -- | Cuadernos de extensión universitaria |
| 504 ## - | |
| -- | Incluye referencias bibliográficas. |
| 650 #4 - | |
| -- | Investigación |
| -- | 7412 |
| 902 ## - ELEMENTOS DE DATOS B LOCAL, LDB (RLIN) | |
| Creó | LC25092023 |
| Modificó | Víctor Ruiz/191023 |
| 942 ## - ELEMENTOS DE PUNTO DE ACCESO ADICIONAL (KOHA) | |
| Fuente del sistema de clasificación o colocación | Library of Congress Classification |
| Tipo de ítem Koha | Libro |
| Estado de retiro | Estado de pérdida | Fuente del sistema de clasificación o colocación | Estado dañado | No para préstamo | Código de colección | Localización permanente | Ubicación/localización actual | Ubicación en estantería | Fecha de adquisición | Signatura topográfica completa | Código de barras | Fecha visto por última vez | Precio válido a partir de | Tipo de ítem Koha |
|---|---|---|---|---|---|---|---|---|---|---|---|---|---|---|
| Library of Congress Classification | Colección General | Bib. Gregorio Torres Quintero | Bib. Gregorio Torres Quintero | Planta baja | 25/09/2023 | Q180 A1 O28 1998 | 208020 | 25/09/2023 | 25/09/2023 | Libro |
